000 00739nam a22001937a 4500
005 20130823153750.0
010 _aB-498445-468
020 _a9788183572668
_c725.00
035 _aB-498445-468
037 _bUBH/Ven
_adpl
082 _a570
245 _aLife Sciences:
_cedited & Compiled by Md. Mubashshir
_bCSIR-UGC National Eligibility Test (Net) for Junior Research Fellowship and Lectureship/
260 _aNew Delhi
_bUnique Publisher
_c2013
270 _a4574/15, Ansari Road, Daryaganj
_bNew Delhi
_e110002
300 _axii, 889p.
_bill.
_c28cm(pbk).
500 _aIt include index
942 _2ddc
_cEN
_mMUB
_h570
999 _c75005
_d75005